Bones of the Human Body - Statistics

General Stats
  • This quiz has been taken 1,349 times
    1,319 since last reset
  • The average score is 69 of 165
Answers on the Map
Answers color-coded by a green-red scale on the quiz's map according to % correct below.
 
Answer Stats
Answer % Correct
Femur (2)
89%
Tibias (2)
84%
Ulna (2)
83%
Radius (2)
82%
Clavicles (2)
77%
Fibula (2)
77%
Mandible
77%
Clavicles (2)
76%
Patellas (2)
74%
Humerus (2)
73%
Scapulas (2)
71%
Sternum
69%
Scapulas (2)
68%
Coccyx
65%
Metacarpal bones (10)
63%
Foot phalanges (14)
61%
Hand phalanges (14)
61%
Maxilla (2)
60%
Metatarsal bones (10)
59%
Frontal Bone (2)
57%
Metatarsal bones (10)
56%
Sacrum
53%
Zygomatic bones (2)
50%
Lumbar vertebrae (5)
49%
Temporal bones (2)
47%
Cervical vertebrae (7)
44%
Thoracic vertebrae (12)
43%
Nasal bones (2)
41%
Parietal Bones (2)
40%
Sphenoid bones (2)
29%
Ilium (2)
28%
Ethmoid bone
26%
Talus (2)
23%
Trapezoid (2)
23%
Trapezium (2)
21%
Hamate (2)
20%
Lacrimal bones (2)
20%
Lunate (2)
20%
Cuboid bones (2)
19%
Scaphoid (2)
19%
Pisiform (2)
18%
Scaphoid (2)
18%
Triquetral (2)
18%
Capitate (2)
17%
Cuneiform bones (6)
16%
Fibula (2)
16%
Navicular bones (2)
16%
Manubrium
11%
Vertebral ribs (4)
5%
Vertebrosternal ribs (14)
3%
Vertebrochondral ribs (6)
2%
Vertebrosternal ribs (14)
1%
No matching quizzes found
Score Distribution
Percent of People with Each Score
Percentile by Number Answered
Your Score History
You have not taken this quiz since the last reset